JetPunk Music Clip Quiz #4 - 1980's - Statistics

General Stats
  • This quiz has been taken 31 times
    28 since last reset
  • The average score is 25 of 42
Answer Stats
Interval Song % Correct
01:10 - 01:20 Celebration
96%
04:20 - 04:30 You Give Love A Bad Name
92%
00:50 - 01:00 9 To 5
84%
00:10 - 00:20 Another Brick in the Wall, Part II
84%
01:30 - 01:40 Come On Eileen
84%
06:00 - 06:10 Free Fallin'
84%
05:10 - 05:20 Heaven Is A Place On Earth
84%
02:00 - 02:10 Maneater
84%
01:20 - 01:30 Tainted Love
84%
00:30 - 00:40 Funkytown
80%
04:40 - 04:50 Pour Some Sugar On Me
76%
03:00 - 03:10 When Doves Cry
76%
00:00 - 00:10 Call Me
72%
02:50 - 03:00 Like a Virgin
72%
03:50 - 04:00 Radio Ga Ga
72%
03:30 - 03:40 Money for Nothing
68%
01:50 - 02:00 Rock the Casbah
68%
02:20 - 02:30 Sunday Bloody Sunday
68%
05:40 - 05:50 Where Is My Mind?
68%
01:00 - 01:10 Jessie's Girl
64%
04:10 - 04:20 Rock Me Amadeus
64%
04:00 - 04:10 West End Girls
60%
00:20 - 00:30 Rock with You
56%
02:40 - 02:50 Smooth Operator
56%
02:30 - 02:40 The Safety Dance
56%
00:40 - 00:50 Bette Davis Eyes
52%
02:10 - 02:20 Separate Ways (Worlds Apart)
52%
03:40 - 03:50 Easy Lover
48%
06:40 - 06:50 Love Shack
48%
05:30 - 05:40 Orinoco Flow
48%
06:10 - 06:20 Personal Jesus
48%
04:30 - 04:40 Take Me Home Tonight
48%
01:40 - 01:50 Town Called Malice
44%
03:20 - 03:30 Head Over Heels
40%
05:50 - 06:00 Orange Crush
40%
06:30 - 06:40 About A Girl
36%
06:20 - 06:30 Fools Gold
36%
04:50 - 05:00 Girls, Girls, Girls
36%
03:10 - 03:20 This Charming Man
32%
05:20 - 05:30 A Little Respect
24%
06:50 - 07:00 Look Away
20%
05:00 - 05:10 Big Love
16%
No matching quizzes found
Score Distribution
Percent of People with Each Score
Percentile by Number Answered
Your Score History
You have not taken this quiz since the last reset